000 00238nam a2200097Ia 4500
001 959237
005 20250826215920.0
008 250824s9999 xx 000 0 und d
245 0 _aİKİ SÖZ
_cKAHRAMAN TAZEOĞLU
260 _bDESTEK YAYINLARI
999 _c959237
_d959237